00442nam a22001337a 4500003000500000082000800005100001400013245010100027264003400128300002400162650003200186700003300218856005700251NUST a200 aSheheryar aTraffic Scheduling and Trajectory Optimization of RIS-assisted UAV-based IoT Network/cSheheryar aIslamabad,bSEECS NUSTc2023. aill:b69,p:c30,cm. aMS- Electrical Engineering  aSupervisor: Dr. Rizwan Ahmad uhttp://10.250.8.41:8080/xmlui/handle/123456789/37851